[Event "ROM-ch (Women)"]
[Site "Sebes"]
[Date "2023.02.26"]
[Round "9"]
[White "Panainte, Andreea Bianca"]
[Black "Iordache, Alexia Andreea"]
[Result "0-1"]
[WhiteElo "1909"]
[BlackElo "1745"]
[PlyCount "88"]
[EventDate "2023.02.19"]
[EventType "swiss"]
[EventRounds "9"]
[EventCountry "ROU"]
[SourceTitle "CBM 212 Extra"]
[Source "ChessBase"]
[SourceDate "2023.03.31"]
[SourceVersion "1"]
[SourceVersionDate "2023.03.31"]
[SourceQuality "1"]

1. f4 d5 2. Nf3 g6 3. e3 Bg7 4. Be2 Nf6 5. b3 Ne4 6. Ne5 g5 7. Bh5 Be6 8. Bb2 Rg8 9. d3 Nd6 10. g4 Nd7 11. Qf3 Nf6 12. f5 Bd7 13. Qh3 Bc6 14. Rf1 Nd7 15. d4 Nf6 16. Ba3 Nfe4 17. Bxd6 Nxd6 18. Bxf7+ Nxf7 19. Qxh7 Nh6 20. Qg6+ Kf8 21. Qxg5 Bxe5 22. Qxh6+ Bg7 23. Qf4 Qd6 24. Qxd6 cxd6 25. g5 Kf7 26. Nc3 Rh8 27. Rf2 Rh5 28. g6+ Kf6 29. e4 Kg5 30. 0-0-0 dxe4 31. Rg1+ Kh6 32. Ne2 Bd7 33. Rf4 Rxf5 34. Rxe4 e5 35. d5 Raf8 36. Kb2 Rg5 37. Rh4+ Kxg6 38. Ng3 Rf4 39. Rh5 e4+ 40. Kc1 Rxh5 41. Nxh5+ Kxh5 42. Rxg7 Bg4 43. Rxb7 e3 44. Re7 Rf1+ 0-1

[Event "ROM-ch (Women)"]
[Site "Eforie Nord"]
[Date "2022.02.21"]
[Round "2"]
[White "Criveanu, Maria"]
[Black "Panainte, Andreea Bianca"]
[Result "0-1"]
[WhiteElo "1503"]
[BlackElo "1865"]
[PlyCount "66"]
[EventDate "2022.02.20"]
[EventType "swiss"]
[EventRounds "9"]
[EventCountry "ROU"]
[SourceTitle "CBM 207 Extra"]
[Source "ChessBase"]
[SourceDate "2022.05.31"]
[SourceVersion "1"]
[SourceVersionDate "2022.05.31"]
[SourceQuality "1"]

1. e4 e6 2. d4 d5 3. e5 c5 4. c3 Nc6 5. Nf3 Qb6 6. Be2 Bd7 7. a3 Nh6 8. Bxh6 gxh6 9. Qd2 Na5 10. dxc5 Bxc5 11. b4 Bxf2+ 12. Kf1 Nb3 13. Qb2 Nxa1 14. Qxa1 Be3 15. Nd4 Rc8 16. Qb2 Qc7 17. Nf3 Bf4 18. c4 dxc4 19. Qc3 Bc6 20. Nbd2 b5 21. g3 Bxd2 22. Qxd2 Bxf3 23. Bxf3 Qxe5 24. Kg2 0-0 25. Re1 Qg5 26. Qc3 Rfd8 27. Re3 Rd6 28. h4 Qg7 29. Qc1 Rcd8 30. Re4 Rd2+ 31. Kh3 Qb2 32. Qe1 Rh2+ 33. Kg4 f5+ 0-1

[Event "ROM-ch U20 Girls"]
[Site "Mamaia"]
[Date "2021.04.11"]
[Round "6"]
[White "Balan, Briana Cleopatra"]
[Black "Panainte, Andreea Bianca"]
[Result "0-1"]
[WhiteElo "1771"]
[BlackElo "1872"]
[PlyCount "70"]
[EventDate "2021.04.07"]
[EventType "swiss"]
[EventRounds "9"]
[EventCountry "ROU"]
[SourceTitle "EXT 2022"]
[Source "ChessBase"]
[SourceDate "2021.10.06"]
[SourceVersion "1"]
[SourceVersionDate "2021.10.06"]
[SourceQuality "1"]

1. d4 c5 2. c3 e6 3. e4 Nf6 4. Bd3 d5 5. Nd2 cxd4 6. cxd4 dxe4 7. Nxe4 Nc6 8. Nf3 Be7 9. 0-0 0-0 10. Be3 b6 11. Qe2 Bb7 12. a3 Nd5 13. Rad1 h6 14. Rfe1 Rc8 15. Bb1 Na5 16. Qd3 f5 17. Ng3 Nc4 18. Bc1 Qd6 19. Qe2 Rc6 20. Ne5 Nxe5 21. dxe5 Qc7 22. Qh5 Rc4 23. Bd3 Rh4 24. Qg6 Qc8 25. h3 Rf7 26. Nh5 Bf8 27. Be2 Re4 28. Rxd5 Bxd5 29. Nf6+ Rxf6 30. exf6 Rxe2 31. f7+ Kh8 32. Bxh6 Rxe1+ 33. Kh2 Qc7+ 34. f4 Bf3 35. Bg5 Qc2 0-1

[Event "ROM-ch U20 Girls"]
[Site "Mamaia"]
[Date "2021.04.10"]
[Round "5"]
[White "Panainte, Andreea Bianca"]
[Black "Bucur, Denisa Andreea"]
[Result "1/2-1/2"]
[WhiteElo "1872"]
[BlackElo "2063"]
[PlyCount "66"]
[EventDate "2021.04.07"]
[EventType "swiss"]
[EventRounds "9"]
[EventCountry "ROU"]
[SourceTitle "EXT 2022"]
[Source "ChessBase"]
[SourceDate "2021.10.06"]
[SourceVersion "1"]
[SourceVersionDate "2021.10.06"]
[SourceQuality "1"]

1. e4 e6 2. d4 d5 3. Nd2 c5 4. exd5 exd5 5. Ngf3 Nc6 6. c3 Bd6 7. dxc5 Bxc5 8. Bd3 Nge7 9. 0-0 0-0 10. Nb3 Bd6 11. Bc2 Re8 12. Nbd4 a6 13. Qd3 Ng6 14. Bg5 f6 15. Be3 Nce5 16. Nxe5 fxe5 17. Nf5 Bc7 18. Ng3 Be6 19. Rad1 Qe7 20. b4 e4 21. Qd2 Rac8 22. Bb3 Be5 23. Bc5 Bf4 24. Qe2 Qg5 25. Qh5 Qxh5 26. Nxh5 Red8 27. Nxf4 Nxf4 28. Rd2 Nd3 29. Bd4 Rc6 30. f3 Rf8 31. Bc2 Bf5 32. Bb3 Be6 33. a4 Bf7 1/2-1/2

[Event "ROM-ch U20 Girls"]
[Site "Mamaia"]
[Date "2021.04.08"]
[Round "2"]
[White "Andres, Marina Corina"]
[Black "Panainte, Andreea Bianca"]
[Result "1-0"]
[WhiteElo "1644"]
[BlackElo "1872"]
[PlyCount "141"]
[EventDate "2021.04.07"]
[EventType "swiss"]
[EventRounds "9"]
[EventCountry "ROU"]
[SourceTitle "EXT 2022"]
[Source "ChessBase"]
[SourceDate "2021.10.06"]
[SourceVersion "1"]
[SourceVersionDate "2021.10.06"]
[SourceQuality "1"]

1. e4 e6 2. Nc3 d5 3. d3 Nf6 4. e5 Nfd7 5. f4 c5 6. Nf3 Nc6 7. g3 Be7 8. Bg2 b5 9. 0-0 Qb6 10. Ne2 0-0 11. c3 b4 12. c4 Ba6 13. b3 Rad8 14. Qc2 Bb7 15. Bb2 a5 16. Nd2 Nd4 17. Nxd4 cxd4 18. cxd5 exd5 19. Nf3 Bc5 20. Qf2 Ba6 21. Rfd1 f6 22. Bxd4 Bxd4 23. Qxd4 fxe5 24. Qxb6 Nxb6 25. Nxe5 Rc8 26. Rac1 Rc3 27. Nc6 Re8 28. Rxc3 bxc3 29. Rc1 Bxd3 30. Rxc3 Re1+ 31. Kf2 Re2+ 32. Kf3 Rd2 33. Ke3 Rxg2 34. Rxd3 Rxh2 35. a4 Rg2 36. Kd4 Rc2 37. Ne7+ Kf7 38. Nxd5 Nd7 39. Ne3 Rc6 40. Nc4 Kf6 41. g4 Nc5 42. Re3 Ne6+ 43. Kd5 Ra6 44. Re4 g6 45. Ne5 Nc7+ 46. Kc5 Ne6+ 47. Kb5 Nc7+ 48. Kc4 Rd6 49. Kc5 Ra6 50. Nd7+ Kf7 51. Nb6 Ne6+ 52. Kb5 Nc7+ 53. Kc6 Ne6 54. g5 Ra7 55. Nc4 Nd8+ 56. Kd5 Rd7+ 57. Nd6+ Kg7 58. Kc5 Kf8 59. Nc4 Rc7+ 60. Kb5 Rb7+ 61. Nb6 Ra7 62. Re3 Nf7 63. Nc4 Rd7 64. Kxa5 Rd4 65. Rf3 Nd8 66. f5 Rd5+ 67. Kb6 gxf5 68. a5 Ne6 69. a6 Nd4 70. Rh3 Rb5+ 71. Kc7 1-0

[Event "Romania rapid online op final"]
[Site "Chess.com INT"]
[Date "2020.05.01"]
[Round "5"]
[White "Panainte, Andreea Bianca"]
[Black "Bulau, Andrei Cristian"]
[Result "1-0"]
[WhiteElo "1872"]
[BlackElo "2199"]
[PlyCount "41"]
[EventDate "2020.05.01"]
[EventType "swiss (rapid)"]
[EventRounds "7"]
[EventCountry "ROU"]
[SourceTitle "CBM 196 Extra"]
[Source "ChessBase"]
[SourceDate "2020.07.31"]
[SourceVersion "1"]
[SourceVersionDate "2020.07.31"]
[SourceQuality "1"]

1. e4 c5 2. c3 Nf6 3. e5 Nd5 4. d4 cxd4 5. Nf3 e6 6. cxd4 b6 7. Nc3 Nxc3 8. bxc3 Qc7 9. Bd2 d6 10. Bd3 Nd7 11. Qe2 dxe5 12. dxe5 Be7 13. 0-0 Bb7 14. Rfe1 h6 15. h3 0-0 16. Nh2 Nc5 17. Bc2 Rad8 18. Ng4 Kh8 19. Nxh6 Qc6 20. Nxf7+ Rxf7 21. Qh5+ 1-0

[Event "Romania rapid online op final"]
[Site "Chess.com INT"]
[Date "2020.05.01"]
[Round "3"]
[White "Panainte, Andreea Bianca"]
[Black "Gabor, Daniel Ioan"]
[Result "1-0"]
[WhiteElo "1872"]
[BlackElo "1864"]
[PlyCount "83"]
[EventDate "2020.05.01"]
[EventType "swiss (rapid)"]
[EventRounds "7"]
[EventCountry "ROU"]
[SourceTitle "CBM 196 Extra"]
[Source "ChessBase"]
[SourceDate "2020.07.31"]
[SourceVersion "1"]
[SourceVersionDate "2020.07.31"]
[SourceQuality "1"]

1. e4 e5 2. Nf3 Nc6 3. Bc4 Bc5 4. c3 d6 5. d4 Bb6 6. 0-0 h6 7. Be3 Bf5 8. exf5 e4 9. Nfd2 d5 10. Bb5 Nge7 11. f3 Nxf5 12. Bf4 g5 13. fxe4 dxe4 14. Bxc6+ bxc6 15. Be5 Ne3 16. Qh5 Rh7 17. Rc1 Qd5 18. Na3 0-0-0 19. Qh3+ f5 20. Qxe3 Qxe5 21. Ndc4 Qe6 22. Nxb6+ cxb6 23. Re1 Re7 24. Nc2 f4 25. Qh3 g4 26. Qh4 e3 27. a4 Rd5 28. c4 Rg5 29. b3 Qe4 30. Rac1 Re6 31. d5 Rf6 32. dxc6 Qd3 33. Red1 Qxb3 34. Qe1 Qxa4 35. Qc3 Rxc6 36. Qh8+ Kb7 37. Rd7+ Rc7 38. Rd8 Rgg7 39. Ra8 Rgd7 40. Qb8+ Kc6 41. Qe8 Qxc2 42. Rxc2 1-0

[Event "Romania rapid online op final"]
[Site "Chess.com INT"]
[Date "2020.05.01"]
[Round "1"]
[White "Panainte, Andreea Bianca"]
[Black "Stanciu, Alexandru Ovidiu"]
[Result "0-1"]
[WhiteElo "1872"]
[BlackElo "2323"]
[PlyCount "98"]
[EventDate "2020.05.01"]
[EventType "swiss (rapid)"]
[EventRounds "7"]
[EventCountry "ROU"]
[SourceTitle "CBM 196 Extra"]
[Source "ChessBase"]
[SourceDate "2020.07.31"]
[SourceVersion "1"]
[SourceVersionDate "2020.07.31"]
[SourceQuality "1"]

1. e4 c6 2. d4 d5 3. Nc3 dxe4 4. Nxe4 Bf5 5. Ng3 Bg6 6. h4 h6 7. Nf3 e6 8. Bd3 Bxd3 9. Qxd3 Nf6 10. a3 c5 11. Be3 Nc6 12. dxc5 Qa5+ 13. Qd2 Qxd2+ 14. Nxd2 Nd5 15. b4 a5 16. b5 Na7 17. c4 Nxe3 18. fxe3 Bxc5 19. Ke2 Rc8 20. Nde4 f5 21. Nd2 a4 22. e4 f4 23. Nh5 0-0 24. Rhf1 e5 25. g3 g6 26. gxf4 gxh5 27. f5 Kf7 28. Nf3 Kf6 29. Rfd1 Rfd8 30. Rd5 Rxd5 31. exd5 Rg8 32. Rd1 Rg2+ 33. Kd3 Rf2 34. Nd2 Kxf5 35. Re1 Bxa3 36. Ne4 Rf3+ 37. Kc2 Bb4 38. Re2 b6 39. d6 Ke6 40. Rg2 Kf7 41. d7 Be7 42. Rd2 Bd8 43. Nd6+ Ke6 44. Nc8 Nxb5 45. cxb5 e4 46. Rd6+ Ke5 47. Rxh6 Rf2+ 48. Kd1 e3 49. Rxh5+ Ke6 0-1

[Event "ROM-ch U18 Girls"]
[Site "Calimanesti Caciulata"]
[Date "2019.04.21"]
[Round "8"]
[White "Panainte, Andreea Bianca"]
[Black "Bucur, Denisa Andreea"]
[Result "1/2-1/2"]
[WhiteElo "1917"]
[BlackElo "1945"]
[PlyCount "67"]
[EventDate "2019.04.15"]
[EventType "swiss"]
[EventRounds "9"]
[EventCountry "ROU"]
[SourceTitle "CBM 190 Extra"]
[Source "ChessBase"]
[SourceDate "2019.07.15"]
[SourceVersion "1"]
[SourceVersionDate "2019.07.15"]
[SourceQuality "1"]

1. e4 e6 2. d4 d5 3. Nc3 Bb4 4. exd5 exd5 5. Bd3 Nf6 6. Nge2 0-0 7. 0-0 c6 8. Bg5 h6 9. Bh4 Re8 10. h3 Nbd7 11. f4 Bd6 12. b3 Qc7 13. f5 b5 14. Rf3 b4 15. Na4 Ne4 16. c4 bxc3 17. Naxc3 Qb6 18. Bxe4 dxe4 19. Re3 c5 20. Rxe4 Bb7 21. Rxe8+ Rxe8 22. d5 Ba6 23. Bf2 Ne5 24. Na4 Qb4 25. a3 Qe4 26. Nec3 Qxf5 27. Nxc5 Bxc5 28. Bxc5 Nd3 29. b4 Re1+ 30. Qxe1 Nxe1 31. Rxe1 Qd3 32. Re3 Qf1+ 33. Kh2 Qf4+ 34. Kg1 1/2-1/2

[Event "ROM-ch U18 Girls"]
[Site "Calimanesti Caciulata"]
[Date "2019.04.19"]
[Round "6"]
[White "Panainte, Andreea Bianca"]
[Black "Mos, Maria Magdalena"]
[Result "1-0"]
[WhiteElo "1917"]
[BlackElo "1524"]
[PlyCount "81"]
[EventDate "2019.04.15"]
[EventType "swiss"]
[EventRounds "9"]
[EventCountry "ROU"]
[SourceTitle "CBM 190 Extra"]
[Source "ChessBase"]
[SourceDate "2019.07.15"]
[SourceVersion "1"]
[SourceVersionDate "2019.07.15"]
[SourceQuality "1"]

1. e4 e5 2. Nf3 Nc6 3. Bc4 Bc5 4. c3 Nf6 5. d3 h6 6. Nbd2 d6 7. h3 0-0 8. 0-0 Be6 9. Bb3 Qe7 10. Re1 Nh5 11. Nf1 Bb6 12. Be3 Nf6 13. Ng3 Qd7 14. Bxb6 axb6 15. d4 Bxb3 16. Qxb3 Rfe8 17. Rad1 Na5 18. Qc2 exd4 19. Nxd4 Nc6 20. a3 d5 21. Nxc6 Qxc6 22. e5 Nd7 23. f4 f6 24. Qf5 fxe5 25. fxe5 Rf8 26. Qg4 Rae8 27. Nf5 Rf7 28. Nd4 Qc5 29. e6 Rfe7 30. exd7 Rxe1+ 31. Rxe1 Rxe1+ 32. Kf2 Qf8+ 33. Kxe1 Qe7+ 34. Qe6+ Kf8 35. Qxe7+ Kxe7 36. Nf5+ Kxd7 37. Nxg7 c5 38. Nf5 Kc6 39. Nxh6 d4 40. cxd4 cxd4 41. g4 1-0

[Event "ROM-ch U18 Girls"]
[Site "Calimanesti Caciulata"]
[Date "2019.04.17"]
[Round "3"]
[White "Panainte, Andreea Bianca"]
[Black "Popa, Catalina Elena"]
[Result "0-1"]
[WhiteElo "1917"]
[BlackElo "1680"]
[PlyCount "60"]
[EventDate "2019.04.15"]
[EventType "swiss"]
[EventRounds "9"]
[EventCountry "ROU"]
[SourceTitle "CBM 190 Extra"]
[Source "ChessBase"]
[SourceDate "2019.07.15"]
[SourceVersion "1"]
[SourceVersionDate "2019.07.15"]
[SourceQuality "1"]

1. e4 c5 2. c3 d5 3. exd5 Nf6 4. d4 cxd4 5. cxd4 Nxd5 6. Nc3 Nc6 7. Bb5 a6 8. Qa4 axb5 9. Qxa8 Nb6 10. Qa3 b4 11. Qb3 Nxd4 12. Qd1 bxc3 13. bxc3 Nc6 14. Qc2 g6 15. Bf4 e5 16. Be3 Nc4 17. Rd1 Qa5 18. Ne2 Bg7 19. 0-0 0-0 20. Qb3 Nxe3 21. fxe3 Qc5 22. Ng3 Qxe3+ 23. Kh1 Qc5 24. Ne4 Qe7 25. Nd6 Bg4 26. Rd2 Bh6 27. Rdf2 Qxd6 28. Rxf7 Be6 29. Rxf8+ Bxf8 30. Qxb7 Bxa2 0-1

[Event "ROM-ch (Women)"]
[Site "Olanesti"]
[Date "2019.03.09"]
[Round "8"]
[White "Secrieru, Maria Georgiana"]
[Black "Panainte, Andreea Bianca"]
[Result "0-1"]
[WhiteElo "1449"]
[BlackElo "1891"]
[PlyCount "46"]
[EventDate "2019.03.02"]
[EventType "swiss"]
[EventRounds "9"]
[EventCountry "ROU"]
[SourceTitle "CBM 189 Extra"]
[Source "ChessBase"]
[SourceDate "2019.06.03"]
[SourceVersion "1"]
[SourceVersionDate "2019.06.03"]
[SourceQuality "1"]

1. e4 e6 2. d4 d5 3. Nc3 Bb4 4. exd5 exd5 5. Bf4 Nc6 6. Qd2 Nf6 7. Bg5 h6 8. Bxf6 Qxf6 9. 0-0-0 Be6 10. Nf3 0-0 11. Bd3 Ne7 12. a3 Ba5 13. b4 Bb6 14. Bb5 c6 15. Ba4 a5 16. Kb2 axb4 17. axb4 Nf5 18. Bb3 Bc7 19. Na4 b6 20. c3 Nd6 21. Qe2 Rfe8 22. Qd3 Bf5 23. Qd2 Rxa4 0-1

[Event "ROM-ch (Women)"]
[Site "Olanesti"]
[Date "2019.03.06"]
[Round "5"]
[White "Cosma, Elena Luminita"]
[Black "Panainte, Andreea Bianca"]
[Result "1-0"]
[WhiteElo "2324"]
[BlackElo "1891"]
[PlyCount "79"]
[EventDate "2019.03.02"]
[EventType "swiss"]
[EventRounds "9"]
[EventCountry "ROU"]
[SourceTitle "CBM 189 Extra"]
[Source "ChessBase"]
[SourceDate "2019.06.03"]
[SourceVersion "1"]
[SourceVersionDate "2019.06.03"]
[SourceQuality "1"]

1. d4 Nf6 2. Nf3 e6 3. c4 Bb4+ 4. Bd2 c5 5. Bxb4 cxb4 6. e3 d6 7. Be2 0-0 8. 0-0 Nc6 9. a3 Qc7 10. axb4 Nxb4 11. Qd2 a5 12. Nc3 Bd7 13. Rfc1 e5 14. Nd5 Nfxd5 15. cxd5 Qb8 16. dxe5 dxe5 17. e4 Qd6 18. Qc3 f6 19. Qc7 Qxc7 20. Rxc7 Bc8 21. Rac1 Rb8 22. h3 b6 23. Nd2 Ba6 24. Bg4 Nd3 25. R1c6 Bb5 26. Be6+ Kh8 27. Rc3 Nc5 28. f3 Rfe8 29. Bg4 g6 30. h4 Rf8 31. h5 f5 32. Bh3 Rbe8 33. h6 fxe4 34. Nxe4 Nxe4 35. fxe4 Rf1+ 36. Kh2 Rf6 37. Rf3 Rxf3 38. gxf3 Rd8 39. Be6 Re8 40. Kg3 1-0

[Event "ROM-chT (Women)"]
[Site "Sovata"]
[Date "2018.11.29"]
[Round "5.3"]
[White "Nastase, Andreea Cristina"]
[Black "Panainte, Andreea Bianca"]
[Result "1-0"]
[WhiteElo "1900"]
[BlackElo "1946"]
[PlyCount "73"]
[EventDate "2018.11.25"]
[EventType "team-tourn"]
[EventRounds "7"]
[EventCountry "ROU"]
[SourceTitle "CBM 187 Extra"]
[Source "ChessBase"]
[SourceDate "2018.11.04"]
[SourceVersion "1"]
[SourceVersionDate "2018.11.04"]
[SourceQuality "1"]
[WhiteTeam "Bucharest Central CC (W)"]
[BlackTeam "Bucharest CSM (W)"]
[WhiteTeamCountry "ROU"]
[BlackTeamCountry "ROU"]

1. d4 Nf6 2. Nf3 e6 3. c4 Bb4+ 4. Nbd2 c5 5. a3 Bxd2+ 6. Qxd2 cxd4 7. Nxd4 d5 8. e3 0-0 9. cxd5 Qxd5 10. Nb5 Na6 11. Qxd5 Nxd5 12. e4 Ndc7 13. Bf4 Nxb5 14. Bxb5 Rd8 15. Rd1 Rxd1+ 16. Kxd1 Nc5 17. Ke2 Bd7 18. Bxd7 Nxd7 19. Rc1 Nf6 20. Rc7 b6 21. f3 a6 22. a4 h6 23. Rb7 h5 24. Be5 Rc8 25. Bxf6 gxf6 26. Kd3 Rd8+ 27. Ke3 Rd6 28. b4 e5 29. a5 b5 30. Rb6 Re6 31. f4 exf4+ 32. Kxf4 Kg7 33. Rxe6 fxe6 34. e5 Kg6 35. exf6 Kxf6 36. g4 e5+ 37. Kg3 1-0

[Event "ROM-chT (Women)"]
[Site "Sovata"]
[Date "2018.11.27"]
[Round "3.4"]
[White "Stanciu, Andreea Briana"]
[Black "Panainte, Andreea Bianca"]
[Result "0-1"]
[WhiteElo "1953"]
[BlackElo "1946"]
[PlyCount "78"]
[EventDate "2018.11.25"]
[EventType "team-tourn"]
[EventRounds "7"]
[EventCountry "ROU"]
[SourceTitle "CBM 187 Extra"]
[Source "ChessBase"]
[SourceDate "2018.11.04"]
[SourceVersion "1"]
[SourceVersionDate "2018.11.04"]
[SourceQuality "1"]
[WhiteTeam "Arnia Chessit (W)"]
[BlackTeam "Bucharest CSM (W)"]
[WhiteTeamCountry "ROU"]
[BlackTeamCountry "ROU"]

1. e4 e6 2. d4 d5 3. Nd2 c5 4. Ngf3 Nc6 5. exd5 Qxd5 6. Bc4 Qd7 7. dxc5 Bxc5 8. 0-0 Nf6 9. c3 0-0 10. Qe2 Ne7 11. Nb3 Bd6 12. Nbd4 a6 13. Re1 Ned5 14. Ne5 Bxe5 15. Qxe5 b5 16. Bd3 h6 17. Qg3 Kh8 18. Qh4 Ng8 19. g4 Bb7 20. g5 g6 21. gxh6 Kh7 22. Qg3 Ndf6 23. Bg5 Qd5 24. f3 Nh5 25. Qh4 e5 26. Be4 Qd7 27. Nb3 Bxe4 28. fxe4 Nxh6 29. Rad1 Qe6 30. Rd5 f6 31. Be3 Qg4+ 32. Qxg4 Nxg4 33. Rd7+ Kg8 34. Bb6 Nf4 35. Nc5 f5 36. Rd6 Rf7 37. Ne6 Rf6 38. Nc7 Rxd6 39. Nxa8 Rd2 0-1

[Event "Arad op 11th"]
[Site "Arad"]
[Date "2018.08.05"]
[Round "1"]
[White "David, Alexandru Vasile"]
[Black "Panainte, Andreea Bianca"]
[Result "1-0"]
[WhiteElo "2421"]
[BlackElo "1870"]
[PlyCount "67"]
[EventDate "2018.08.05"]
[EventType "swiss"]
[EventRounds "9"]
[EventCountry "ROU"]
[SourceTitle "CBM 185 Extra"]
[Source "ChessBase"]
[SourceDate "2018.07.29"]
[SourceVersion "1"]
[SourceVersionDate "2018.07.29"]
[SourceQuality "1"]

1. d4 Nf6 2. c4 e6 3. Nc3 Bb4 4. Bg5 h6 5. Bh4 d5 6. cxd5 exd5 7. e3 c6 8. Bd3 Be6 9. Nge2 Nbd7 10. 0-0 0-0 11. f3 c5 12. a3 cxd4 13. axb4 dxc3 14. bxc3 Qb6 15. Nd4 a5 16. bxa5 Rxa5 17. Rxa5 Qxa5 18. f4 Bg4 19. Qe1 Ne4 20. Be7 Rc8 21. Bb4 Qa2 22. h3 Bh5 23. Nf5 Ra8 24. Bxe4 dxe4 25. Qg3 Bg6 26. Ne7+ Kh7 27. Qh4 Kh8 28. f5 Bh7 29. Qxe4 b6 30. Qd4 Nf6 31. Qxb6 Ne4 32. Qc6 Ng3 33. Rf2 Qa7 34. Qf3 1-0

[Event "ROM-chT U20 Girls"]
[Site "Iasi"]
[Date "2018.07.15"]
[Round "3.1"]
[White "Hrib, Andrada Ioana"]
[Black "Panainte, Andreea Bianca"]
[Result "0-1"]
[WhiteElo "1741"]
[BlackElo "1904"]
[PlyCount "68"]
[EventDate "2018.07.13"]
[EventType "team-tourn"]
[EventRounds "6"]
[EventCountry "ROU"]
[SourceTitle "EXT 2019"]
[Source "ChessBase"]
[SourceDate "2018.10.10"]
[SourceVersion "1"]
[SourceVersionDate "2018.10.10"]
[SourceQuality "1"]
[WhiteTeam "Iasi Politehnica"]
[BlackTeam "Bucharest CSM"]
[WhiteTeamCountry "ROU"]
[BlackTeamCountry "ROU"]

1. c4 Nf6 2. Nf3 e6 3. b3 d5 4. Bb2 c5 5. cxd5 exd5 6. e3 Nc6 7. Be2 d4 8. exd4 cxd4 9. Bb5 Bc5 10. Qe2+ Be6 11. 0-0 0-0 12. Na3 Bg4 13. Bxc6 bxc6 14. Qd3 Qd5 15. b4 Bxf3 16. gxf3 Bxb4 17. Nc2 Bc5 18. Rac1 Rad8 19. a3 Rfe8 20. Rfe1 Qg5+ 21. Kh1 Rxe1+ 22. Nxe1 Qh5 23. Ng2 Bd6 24. f4 c5 25. Re1 Rb8 26. Ba1 Ng4 27. Qg3 Rb3 28. Qh4 Qxh4 29. Nxh4 Nxf2+ 30. Kg2 Nd3 31. Re8+ Bf8 32. Nf5 Nxf4+ 33. Kf2 g6 34. Nd6 Rb1 0-1

[Event "ROM-chT U20 Girls"]
[Site "Iasi"]
[Date "2018.07.14"]
[Round "2.1"]
[White "Panainte, Andreea Bianca"]
[Black "Ardelean, Lorela Daniela"]
[Result "1-0"]
[WhiteElo "1904"]
[BlackElo "1847"]
[PlyCount "132"]
[EventDate "2018.07.13"]
[EventType "team-tourn"]
[EventRounds "6"]
[EventCountry "ROU"]
[SourceTitle "EXT 2019"]
[Source "ChessBase"]
[SourceDate "2018.10.10"]
[SourceVersion "1"]
[SourceVersionDate "2018.10.10"]
[SourceQuality "1"]
[WhiteTeam "Bucharest CSM"]
[BlackTeam "Galati CC"]
[WhiteTeamCountry "ROU"]
[BlackTeamCountry "ROU"]

1. e4 c5 2. c3 d5 3. exd5 Qxd5 4. d4 cxd4 5. Nf3 Bg4 6. Be2 e5 7. cxd4 exd4 8. Nc3 Bb4 9. 0-0 Bxc3 10. bxc3 d3 11. Bxd3 Nc6 12. Qe2+ Nge7 13. Be4 Qe6 14. h3 Bh5 15. Re1 0-0 16. Bxh7+ Kh8 17. Qxe6 fxe6 18. Ng5 e5 19. Be4 Rf6 20. Ba3 Re8 21. Rab1 b6 22. Rb5 Bg6 23. Bxe7 Rxe7 24. Bxc6 Rxc6 25. Rbxe5 Rxe5 26. Rxe5 Rxc3 27. Re6 Bh7 28. Nf7+ Kg8 29. Nd6 Bb1 30. Re8+ Kh7 31. Nb5 Rc1+ 32. Kh2 a6 33. Nd4 Bxa2 34. Rb8 Rb1 35. Kg3 a5 36. Ra8 Rb4 37. Nc2 Rb3+ 38. f3 Bb1 39. Nd4 Rb4 40. Nc6 Rc4 41. Ne5 Rc3 42. Ra6 Rb3 43. Nd7 b5 44. Rxa5 Rb2 45. Ne5 b4 46. Rb5 Bc2 47. Nc4 Rb1 48. Rb6 b3 49. Kg4 Rd1 50. f4 Rd3 51. g3 Bd1+ 52. Kh4 Rd4 53. Nb2 Bc2 54. Kg5 Rd5+ 55. Kg4 Bf5+ 56. Kh4 Bc2 57. g4 Rd2 58. Kg5 Re2 59. h4 Rh2 60. h5 Rd2 61. h6 gxh6+ 62. Rxh6+ Kg7 63. Rb6 Rg2 64. Rb7+ Kg8 65. Rb4 Kg7 66. Na4 Bd1 1-0

[Event "ROM-ch (Women)"]
[Site "Olanesti"]
[Date "2018.05.21"]
[Round "8"]
[White "Panainte, Andreea Bianca"]
[Black "Coman, Emilia Florentina"]
[Result "1/2-1/2"]
[WhiteElo "1894"]
[BlackElo "1869"]
[PlyCount "59"]
[EventDate "2018.05.14"]
[EventType "swiss"]
[EventRounds "9"]
[EventCountry "ROU"]
[SourceTitle "CBM 184 Extra"]
[Source "ChessBase"]
[SourceDate "2018.06.28"]
[SourceVersion "1"]
[SourceVersionDate "2018.06.28"]
[SourceQuality "1"]

1. e4 e6 2. d4 d5 3. Nc3 Nf6 4. Bg5 Be7 5. e5 Nfd7 6. Bxe7 Qxe7 7. f4 a6 8. Nf3 c5 9. Qd2 Nc6 10. dxc5 Nxc5 11. Bd3 Nxd3+ 12. cxd3 0-0 13. d4 b5 14. 0-0 Bd7 15. b3 Na7 16. Qd3 h6 17. f5 f6 18. Nh4 Be8 19. fxe6 Qxe6 20. exf6 Rxf6 21. Rae1 Rxf1+ 22. Qxf1 Qf7 23. Nf5 Nc6 24. Nd6 Qxf1+ 25. Kxf1 Bh5 26. h3 b4 27. Nxd5 Rd8 28. Re6 Nxd4 29. Re4 Nc6 30. Re1 1/2-1/2

[Event "ROM-ch (Women)"]
[Site "Olanesti"]
[Date "2018.05.18"]
[Round "5"]
[White "Bogdan, Elizaveta"]
[Black "Panainte, Andreea Bianca"]
[Result "0-1"]
[WhiteElo "1805"]
[BlackElo "1894"]
[PlyCount "72"]
[EventDate "2018.05.14"]
[EventType "swiss"]
[EventRounds "9"]
[EventCountry "ROU"]
[SourceTitle "CBM 184 Extra"]
[Source "ChessBase"]
[SourceDate "2018.06.28"]
[SourceVersion "1"]
[SourceVersionDate "2018.06.28"]
[SourceQuality "1"]

1. Nf3 Nf6 2. g3 d5 3. Bg2 c5 4. d3 Nc6 5. 0-0 e5 6. Nbd2 Bd6 7. e4 d4 8. Nc4 Bc7 9. a4 0-0 10. Ng5 h6 11. Nh3 Nh7 12. f4 f5 13. Qe2 Qe7 14. exf5 Bxf5 15. fxe5 Bxh3 16. Bxh3 Rxf1+ 17. Bxf1 Nxe5 18. Bf4 Re8 19. Re1 Nf3+ 20. Qxf3 Qxe1 21. Bxc7 Ng5 22. Qg2 Qd1 23. Nd2 Qxc2 24. Bf4 Ne6 25. Qd5 g5 26. Bh3 Qd1+ 27. Kf2 g4 28. Bg2 Qxa4 29. Bxh6 Re7 30. Be4 Rf7+ 31. Kg2 Qd1 32. Bf5 Qe2+ 33. Kg1 Re7 34. Bg5 Re8 35. Qd7 Nxg5 36. Qd5+ Ne6 0-1